000
00256nam a2200109Ia 4500
100
_a
Machinery yellow back series
942
_c
BK
654
_a
Fixtures
245
_a
Air Chucks & Fixtures No.2
260
_b
Machinery Publication
_c
2001
546
_a
ENGLISH
999
_c
27518
_d
27518